000 00747nam a22001817a 4500
003 UA-OsUOA
001 14494
007 ta
008 20031006b un ||||| |||| 00| 0 ukr d
100 _aРачок П.
942 _cSA
040 _aUA-OsUOA
_cUA-OsUOA
_dUA-OsUOA
245 _aПро здоров'я нашої молоді дбатимуть і канадці : [Березне і с.Городище Березнів. р-ну обрано місцем реалізації укр.-канад. проекту "Молодь за здоров'я -2"]
300 _aС.2
955 _a0
773 0 _w0
_tВісті Рівненщини
_dРівне
_d2003
_g№80/26 верес./
650 7 _aКраєзнавча робота
_2UDC
999 _c300655
_d300655